00696nac a22002051u 4500010001600000035001900016082002400035090001500059100003400074245006700108260003300175300002700208490001900235500001500254500003500269650001800304942002600322999001500348952012700363 a 62047837 a(OCoLC)2451890 a306.44954910bD6491 c2992d2992 aDjebar, Assia, 10aWomen of Islam,cPhotos: Magnum. Translated by Jean MacGibbon. a[London]bA. Deutschc[1961] a47 p.bplates.c18 cm.0 a(A Bruna book) aDonations. aDonations - Dr. Mostafa Gouda. 0aMuslim women. cBBk306.44954910D6491 c2992d2992 00104070aMAINbMAINc1STd2014-03-07ePurchasel3m17o306.44954910 DJEp000001217r2025-07-15 00:00:00s2013-02-18yBB